000
00363pab a2200169 454500
008
180718b2008 xxu||||| |||| 00| 0 eng d
100
_a
Vasudeva, P.K.
245
_a
Climatic change: WTO accord
260
_c
2008
300
_a
p.18-20.
362
_a
Jun
650
_a
WTO
650
_a
Climatic change
773
_a
Yojana
908
_a
N
909
_a
78521
999
_c
78521
_d
78521